Battle for Dream Island - Season 5 - Contestants - Statistics

General Stats
  • This quiz has been taken 61 times
  • The average score is 40 of 43
Answer Stats
Team Contestant % Correct
Are You Okay Pen
100%
Team8s Pin
100%
DEATH P.A.C.T Again Black Hole
98%
Just Not Book
98%
Team8s Donut
98%
Are You Okay Eraser
98%
DEATH P.A.C.T Again Fanny
98%
Are You Okay Golf Ball
98%
The Strongest Team on Earth Snowball
98%
TEARDROP Teardrop
98%
Are You Okay Tennis Ball
98%
The Strongest Team on Earth Bell
96%
Team8s Coiny
96%
The Strongest Team on Earth Grassy
96%
DEATH P.A.C.T Again Marker
96%
Just Not Price Tag
96%
The Strongest Team on Earth Robot Flower
96%
Team8s Saw
96%
DEATH P.A.C.T Again Tree
96%
Are You Okay TV
96%
THE S Winner
96%
Team8s Barf Bag
93%
The Strongest Team on Earth Basketball
93%
THE S Ice Cube
93%
DEATH P.A.C.T Again Lightning
93%
Just Not Pillow
93%
THE S Yellow Face
93%
Just Not Bomby
91%
THE S Clock
91%
The Strongest Team on Earth Foldy
91%
Are You Okay Fries
91%
Team8s Gaty
91%
Team8s Needle
91%
Just Not Nickel
91%
DEATH P.A.C.T Again Pie
91%
Are You Okay Puffball
91%
DEATH P.A.C.T Again Remote
91%
THE S Bottle
89%
Just Not Cake
89%
The Strongest Team on Earth Eggy
87%
Just Not Naily
87%
THE S Rocky
87%
THE S Cloudy
83%
No matching quizzes found
Score Distribution
Percent of People with Each Score
Percentile by Number Answered
Your Score History
You have not taken this quiz